The law of ultra vires/ (Record no. 125711)

MARC details
000 -LEADER
fixed length control field 00833nam a22002897a 4500
003 - CONTROL NUMBER IDENTIFIER
control field dpl
005 - DATE AND TIME OF LATEST TRANSACTION
control field 20240813104944.0
008 - FIXED-LENGTH DATA ELEMENTS--GENERAL INFORMATION
fixed length control field 240813b |||||||| |||| 00| 0 eng d
010 ## - LIBRARY OF CONGRESS CONTROL NUMBER
LC control number B-162105 ENG-141318
020 ## - INTERNATIONAL STANDARD BOOK NUMBER
Terms of availability 550.00
International Standard Book Number 9788171771592
020 ## - INTERNATIONAL STANDARD BOOK NUMBER
Terms of availability 1095.00
International Standard Book Number 9788171773640
035 ## - SYSTEM CONTROL NUMBER
System control number B-162105
035 ## - SYSTEM CONTROL NUMBER
System control number EN-124850
037 ## - SOURCE OF ACQUISITION
Source of stock number/acquisition Cen Lib/Ret
040 ## - CATALOGING SOURCE
Original cataloging agency DPL
Language of cataloging EN
Transcribing agency 0
082 ## - DEWEY DECIMAL CLASSIFICATION NUMBER
Classification number 340
Item number SAR
100 ## - MAIN ENTRY--PERSONAL NAME
Personal name Sarma, B. C
9 (RLIN) 15251
245 ## - TITLE STATEMENT
Title The law of ultra vires/
Statement of responsibility, etc by B. C. Sarma
260 ## - PUBLICATION, DISTRIBUTION, ETC. (IMPRINT)
Place of publication, distribution, etc Calcutta
Name of publisher, distributor, etc Eastern Law House
Date of publication, distribution, etc 2004
270 ## - ADDRESS
Address 54 Ganesh Chunder Avenue
City Calcutta
Postal code 700013
300 ## - PHYSICAL DESCRIPTION
Extent 491p.
Dimensions 21cm(Hb)
300 ## - PHYSICAL DESCRIPTION
Extent 553p.:
Dimensions 22cm(Hb)
Other physical details Index
500 ## - GENERAL NOTE
General note Includes index
650 ## - SUBJECT ADDED ENTRY--TOPICAL TERM
Topical term or geographic name as entry element Ultra vires
9 (RLIN) 15252
650 ## - SUBJECT ADDED ENTRY--TOPICAL TERM
Topical term or geographic name as entry element India-Ultra vires
9 (RLIN) 15253
942 ## - ADDED ENTRY ELEMENTS (KOHA)
Source of classification or shelving scheme Dewey Decimal Classification
Koha item type English Books
Classification part 340
Call number suffix SAR
Holdings
Withdrawn status Lost status Damaged status Not for loan Home library Current library Date acquired Source of acquisition Cost, normal purchase price Total Checkouts Total Renewals Full call number Barcode Date last seen Date checked out Copy number Cost, replacement price Price effective from Koha item type Source of classification or shelving scheme Collection code
        Central Library Central Library 23/06/2015 Cen Lib/Ret 550.00 8 9 340 SAR B-162105 01/12/2018 05/11/2018 1 550.00 23/06/2015 English Books    
        Patel Nagar Patel Nagar 13/08/2024 Delivery of Books Act Division 1095.00     340 SAR EN-124850 13/08/2024   1 1095.00 13/08/2024 English Books Dewey Decimal Classification Non-fiction

© Delhi Public Library
Hit Counter
free hit counter